00623 2200265 4500001002100000005001500021035002000036245005600056100001600112250000600128856004500134260003600179082000800215084001400223990001200237990001200249990001200261990001200273990001200285990001200297990001200309990001200321990001200333990001200345INLIS00000000000164520250429080436 a0010-04250000611 aSiti Nurbaya :b( Kasih Tak Sampai ) /cMarah Rusli0 aMarah Rusli a1 aRuang Baca Umum No Klas 800 ( Rak 3,4,5) aJakarta :bBalai Pustaka,c2002 a813 a813 MAR s a02.1970 a02.1971 a02.1972 a02.1973 a02.1974 a02.1975 a02.1976 a02.1977 a02.1978 a02.1979